Macbeth

محفوظ في:
التفاصيل البيبلوغرافية
المؤلف الرئيسي: Shakespeare, William (مؤلف)
التنسيق: كتاب
اللغة:الإسبانية
منشور في: Buenos Aires Sudamericana 1970
سلاسل:Colección obras maestras Fondo Nacional de las Artes
الموضوعات:
الوسوم: إضافة وسم
لا توجد وسوم, كن أول من يضع وسما على هذه التسجيلة!

MARC

LEADER 00000nam a2200000 a 4500
001 UCY4173
003 CL-VaPUC
008 950302e19700000AG |||||||||||||||||spa|d
082 0 4 |a 822  |b SHA  |2 21 
100 |a Shakespeare, William  |e author  |9 265757 
245 1 0 |a Macbeth 
300 |a 207 p 
942 |c BK 
945 |d 19950302 00:00:00  |a rbrito 
260 |a Buenos Aires  |b Sudamericana  |c 1970 
650 0 |a Drama inglés  |9 311029 
583 |a last modification  |c 19950302 00:00:00  |k Rodrigo Vera 
490 0 |a Colección obras maestras Fondo Nacional de las Artes 
999 |c 232113  |d 232111